00374nam a2200157Ia 450000500170000000800410001704000190005804100120007708200160008910000140010524500290011925000130014826000290016130000160019085000100020620230522121331.0131103s9999 xx 000 0 und d aLoreto College aEnglish a824.08bMAR aMartin,H. aCollege essayscH.Martin a11th ed. aNew DelhibS.Chandc1980 axvi,368 p.  aLCLIB